000
00284nam a22001337a 4500
020
_a
81-204-1114-5
041
_a
ENG
100
_a
Prevost.P
245
_a
Fundamantals of Modern Agricultural
260
_a
Delhi
_b
Oxfort & IBH
_c
1999
300
_a
226
650
_a
IDE
856
_u
IDE
999
_c
509
_d
509